Islamic philosophy from its origin to the present : (Record no. 128037)
[ view plain ]
| 000 -LEADER | |
|---|---|
| fixed length control field | 02329cam a22003494a 4500 |
| 001 - CONTROL NUMBER | |
| control field | 14077340 |
| 003 - CONTROL NUMBER IDENTIFIER | |
| control field | ARRUPE |
| 005 - DATE AND TIME OF LATEST TRANSACTION | |
| control field | 20180822110244.0 |
| 008 - FIXED-LENGTH DATA ELEMENTS--GENERAL INFORMATION | |
| fixed length control field | 050817s2006 nyu b s001 0 eng |
| 010 ## - LIBRARY OF CONGRESS CONTROL NUMBER | |
| LC control number | 2005023943 |
| 015 ## - NATIONAL BIBLIOGRAPHY NUMBER | |
| National bibliography number | GBA636602 |
| Source | bnb |
| 016 7# - NATIONAL BIBLIOGRAPHIC AGENCY CONTROL NUMBER | |
| Record control number | 013437487 |
| Source | Uk |
| 020 ## - INTERNATIONAL STANDARD BOOK NUMBER | |
| International Standard Book Number | 0791467996 (hardcover : alk. paper) |
| 020 ## - INTERNATIONAL STANDARD BOOK NUMBER | |
| International Standard Book Number | 0791468003 (pbk. : alk. paper) |
| 020 ## - INTERNATIONAL STANDARD BOOK NUMBER | |
| International Standard Book Number | 9780791467992 |
| 020 ## - INTERNATIONAL STANDARD BOOK NUMBER | |
| International Standard Book Number | 9780791468005 |
| 035 ## - SYSTEM CONTROL NUMBER | |
| System control number | (OCoLC)ocm61295941 |
| 040 ## - CATALOGING SOURCE | |
| Original cataloging agency | DLC |
| Transcribing agency | DLC |
| Modifying agency | DLC |
| 042 ## - AUTHENTICATION CODE | |
| Authentication code | pcc |
| 050 00 - LIBRARY OF CONGRESS CALL NUMBER | |
| Classification number | B741 |
| Item number | .N384 2006 |
| 082 00 - DEWEY DECIMAL CLASSIFICATION NUMBER | |
| Classification number | 181/.07 |
| Edition number | 22 |
| 300 ## - PHYSICAL DESCRIPTION | |
| Dimensions | 24 cm. |
| 100 1# - MAIN ENTRY--PERSONAL NAME | |
| Personal name | Nasr, Seyyed Hossein. |
| 9 (RLIN) | 41811 |
| 245 10 - TITLE STATEMENT | |
| Title | Islamic philosophy from its origin to the present : |
| Remainder of title | philosophy in the land of prophecy / |
| Statement of responsibility, etc | Seyyed Hossein Nasr. |
| 260 ## - PUBLICATION, DISTRIBUTION, ETC. (IMPRINT) | |
| Place of publication, distribution, etc | Albany : |
| Name of publisher, distributor, etc | State University of New York Press, |
| Date of publication, distribution, etc | c2006. |
| 300 ## - PHYSICAL DESCRIPTION | |
| Extent | ix, 380 p. ; |
| 440 #0 - SERIES STATEMENT/ADDED ENTRY--TITLE | |
| Title | SUNY series in Islam |
| 9 (RLIN) | 41812 |
| 504 ## - BIBLIOGRAPHY, ETC. NOTE | |
| Bibliography, etc | Includes bibliographical references (p. 281-342) and index. |
| 505 0# - FORMATTED CONTENTS NOTE | |
| Formatted contents note | The study of Islamic philosophy in the West in recent times : an overview -- The meaning and role of philosophy in Islam -- Al-Ḥikmat al-Ilāhiyyah and kalām -- The question of existence and quiddity and ontology in Islamic philosophy-- Post-Avicennan Islamic philosophy and the study of being -- Epistemological questions : relations among intellect, reason, and intuition within diverse Islamic intellectual perspectives -- A framework for the study of the history of Islamic philosophy -- Dimensions of the Islamic intellectual tradition : kalām, philosophy and spirituality -- The poet-scientist ʻUmar Khayyām as philosopher -- Philosophy in Azarbaijan and the School of Shiraz -- The School of Isfahan revisited -- Mullā Ṣadrā and the full flowering of prophetic philosophy -- From the School of Isfahan to the School of Tehran -- Reflections on Islam and modern thought -- Philosophy in the land of prophecy yesterday and today. |
| 650 #0 - SUBJECT ADDED ENTRY--TOPICAL TERM | |
| Topical term or geographic name as entry element | Islamic philosophy. |
| 9 (RLIN) | 29734 |
| 856 41 - ELECTRONIC LOCATION AND ACCESS | |
| Materials specified | Table of contents |
| Uniform Resource Identifier | <a href="http://www.loc.gov/catdir/toc/ecip0517/2005023943.html">http://www.loc.gov/catdir/toc/ecip0517/2005023943.html</a> |
| 906 ## - LOCAL DATA ELEMENT F, LDF (RLIN) | |
| a | 7 |
| b | cbc |
| c | orignew |
| d | 1 |
| e | ecip |
| f | 20 |
| g | y-gencatlg |
| 942 ## - ADDED ENTRY ELEMENTS (KOHA) | |
| Source of classification or shelving scheme | Library of Congress Classification |
| Koha item type | Monograph ( Printed materials) |
| Withdrawn status | Lost status | Source of classification or shelving scheme | Damaged status | Not for loan | Collection code | Home library | Current library | Shelving location | Date acquired | Total Checkouts | Full call number | Barcode | Date last seen | Date checked out | Price effective from | Koha item type |
|---|---|---|---|---|---|---|---|---|---|---|---|---|---|---|---|---|
| Library of Congress Classification | Main Collection | ARRUPE LIBRARY | ARRUPE LIBRARY | Main Collection | 22/08/2018 | 6 | B741 .N384 2006 | 46600001605 | 16/09/2022 | 08/09/2022 | 22/08/2018 | Monograph ( Printed materials) |